Pokémon Categories: Generation III - Statistics

General Stats
  • This quiz has been taken 11 times
  • The average score is 13 of 120
Answer Stats
Pokémon Category % Correct
Torchic Chick
89%
Feebas Fish
56%
Wurmple Worm
56%
Beautifly Butterfly
44%
Wingull Seagull
44%
Seedot Acorn
33%
Silcoon, Cascoon Cocoon
33%
Kirlia Emotion
33%
Loud Noise Exploud
33%
Sceptile Forest
33%
Registeel Iron
33%
Skitty Kitten
33%
Big Voice Loudred
33%
Shroomish, Breloom Mushroom
33%
Ninjask Ninja
33%
Swellow Swallow
33%
Treecko, Grovyle Wood Gecko
33%
Cacnea Cactus
22%
Nosepass Compass
22%
Absol Disaster
22%
Gardevoir Embrace
22%
Mudkip, Marshtomp, Swampert Mud Fish
22%
Dustox Poison Moth
22%
Shedinja Shed
22%
Castform Weather
22%
Whismur Whisper
22%
Hariyama Arm Thrust
11%
Poochyena, Mightyena Bite
11%
Blaziken Blaze
11%
Ludicolo Carefree
11%
Baltoy, Claydol Clay Doll
11%
Groudon Continent
11%
Swablu Cotton Bird
11%
Sableye Darkness
11%
Mawile Deceiver
11%
Deoxys DNA
11%
Latias, Latios Eon
11%
Masquerain Eyeball
11%
Ralts Feeling
11%
Volbeat, Illumise Firefly
11%
Tropius Fruit
11%
Makuhita Guts
11%
Regice Iceberg
11%
Aron, Lairon, Aggron Iron Armor
11%
Lombre Jolly
11%
Slaking Lazy
11%
Electrike Lightning
11%
Meditite, Medicham Meditate
11%
Flygon Mystic
11%
Azurill Polka Dot
11%
Surskit Pond Skater
11%
Delcatty Prim
11%
Linoone Rushing
11%
Slakoth Slacker
11%
Zigzagoon Tiny Raccoon
11%
Taillow Tiny Swallow
11%
Nincada Trainee
11%
Pelipper Water Bird
11%
Lotad Water Weed
11%
Shiftry Wicked
11%
Vigoroth Wild Monkey
11%
Nuzleaf Wily
11%
Jirachi Wish
11%
Combusken Young Fowl
11%
Trapinch Ant Pit
0%
Sealeo Ball Roll
0%
Wailmer Ball Whale
0%
Cradily Barnacle
0%
Dusclops Beckon
0%
Clamperl Bivalve
0%
Spoink Bounce
0%
Wynaut Bright
0%
Sharpedo Brutal
0%
Zangoose Cat Ferret
0%
Plusle, Minun Cheering
0%
Spheal Clap
0%
Torkoal Coal
0%
Kecleon Color Swap
0%
Huntail Deep Sea
0%
Manectric Discharge
0%
Salamence Dragon
0%
Shelgon Endurance
0%
Camerupt Eruption
0%
Glalie Face
0%
Seviper Fang Snake
0%
Wailord Float Whale
0%
Altaria Humming
0%
Walrein Ice Break
0%
Beldum Iron Ball
0%
Metang Iron Claw
0%
Metagross Iron Leg
0%
Relicanth Longevity
0%
Grumpig Manipulate
0%
Banette Marionette
0%
Lunatone, Solrock Meteorite
0%
Numel Numb
0%
Anorith Old Shrimp
0%
Armaldo Plate
0%
Swalot Poison Bag
0%
Shuppet Puppet
0%
Luvdisc Rendezvous
0%
Duskull Requiem
0%
Bagon Rock Head
0%
Regirock Rock Peak
0%
Crawdaunt Rogue
0%
Corphish Ruffian
0%
Carvanha Savage
0%
Cacturne Scarecrow
0%
Kyogre Sea Basin
0%
Lileep Sea Lily
0%
Rayquaza Sky High
0%
Snorunt Snow Hat
0%
Gorebyss South Sea
0%
Spinda Spot Panda
0%
Gulpin Stomach
0%
Milotic Tender
0%
Roselia Thorn
0%
Vibrava Vibration
0%
Barboach, Whiscash Whiskers
0%
Chimecho Wind Chime
0%
No matching quizzes found
Score Distribution
Percent of People with Each Score
Percentile by Number Answered
Your Score History
You have not taken this quiz